| 000 | 00475nam a2200181Ia 4500 | ||
|---|---|---|---|
| 003 | OSt | ||
| 005 | 20231214150837.0 | ||
| 008 | 230312s9999||||xx |||||||||||||| ||und|| | ||
| 040 | _cABC | ||
| 082 |
_a332.1081 _bFAR |
||
| 100 | _aSkakil Faruqi | ||
| 245 | 0 |
_aGlassory Banking and Finance: _bEnglish-English-Urdu _cState bank of Pakistan |
|
| 260 |
_bInstitute of Bankers Pakistan _aKarachi _c2006 |
||
| 300 | _a695 | ||
| 546 | _aUrdu | ||
| 650 | _aEconomics | ||
| 942 |
_cBK _2ddc |
||
| 999 |
_c4558 _d4558 |
||